Responses for Show #5907 - Tuesday, April 27, 2010

Contestants

[<< previous game]

Brett Garner, an office manager from Bountiful, Utah

Megan Kardine, a pre-med student from Glen Mills, Pennsylvania

Randall Johnson, an enologist from Seattle, Washington (whose 1-day cash winnings total $5,599)

[next game >>]

Jeopardy! Round responses

JULIA CHILD
ZOMBIELAND
LESSER-KNOWN COMPOSERS
I'M A WHEEL WATCHER
I'D LIKE TO SOLVE THE PUZZLE
"FREE" PLAY
    $200 11
(Brett: What's the Museum of American History?)
[Initially ruled incorrect; reversed after the first break]

the Smithsonian

MeganBrett
    $200 22
Night of the Living Dead

Megan
    $200 1
the waltz

Randall
    $200 19
ferris wheel

Randall
    $200 26
a Rubik's Cube

Megan
    $200 6
freeze-dried

Randall
    $400 12
The Joy of Cooking

Randall
    $400 16
New York

Brett
    $400 2
the harpsichord

Randall
    $400 20
Sleeping Beauty

Brett
    $400 27
a jigsaw

Brett
    $400 7
the Freedom Riders

Megan
    $600 13
gin

Randall
    $600 17
Plan 9 from Outer Space

Brett
    $600 3
the guitar

Randall
    $600 23
(Megan: What is a third wheel?)
...
(Alex: Minute to go.)

a fifth wheel

MeganBrett
    $600 8
(Randall: What is Freetown?)

Freeport

RandallMegan
    $800 14
The French Chef

Triple Stumper
    $800 18
Shaun of the Dead

Randall
    $1,200 4
Carmen

Randall
    $800 24
a prayer wheel

Randall
    $800 29
[The end-of-round signal sounds.]

sudoku

Randall
    $800 9
freebooter

Triple Stumper
    $1000 15
the Office of Strategic Services

Brett
    $1000 21
Resident Evil

Triple Stumper
    $1000 5
(Brett: Who is Beethoven?)

Mozart

RandallBrett
    $1000 25
bicycles

Triple Stumper
    $1000 28
chess

Randall
    $1000 10
free radicals

Megan

Scores at the first commercial break (after clue 15):

Randall Megan Brett
$4,000 $2,200 $200

Scores at the end of the Jeopardy! Round:

Randall Megan Brett
$7,600 $2,000 $2,600

Double Jeopardy! Round responses

1910
MUSICAL BY SONG & SINGER
BIRD "R"s
A LITTLE OF EVERYTHING
AUTHORS' BIRTHPLACES
FUN WITH WORDS
    $400 15
Dalai Lama

Megan
    $400 1
Mary Poppins

Randall
    $400 21
a robin

Megan
    $400 11
calculus

Randall
    $400 6
good word

Randall
    $800 14
(Brett: What is Spain?)

Portugal

Brett
Triple Stumper
    $800 2
Jersey Boys

Megan
    $800 22
the rhea

Megan
    $800 12
Burnside

Brett
    $800 7
7

Megan
    $1200 16
the Dow Jones Industrial Average

Randall
    $1200 3
(Brett: What is The Greatest Show on Earth?)

Evita

Brett
Triple Stumper
    $1200 23
(Alex: [*] is right, with less than a minute to go.)

a raptor

Megan
    $1200 13
Chrysanthemum

Triple Stumper
    $1200 26
Joseph Heller

Randall
    $1200 8
underground

Triple Stumper
    $3,000 17
(Randall: What is Ghana?)
...
(Alex: He's the grandfather of the secretary-general of the UN.)

Egypt

Randall
    $1600 4
Mamma Mia!

Megan
    $1600 24
rail

Triple Stumper
    $1600 19
the Shroud of Turin

Megan
    $1600 27
[The end-of-round signal sounds.]

Faulkner

Randall
    $1600 9
(Megan: What are six-syllable words?)
(Brett: What are five-letter words?)

long words

MeganBrett
Triple Stumper
    $2000 18
Nicaragua

Triple Stumper
    $2000 5
West Side Story

Triple Stumper
    $2000 25
(Brett: What's a ruffle?)

ruff

Brett
Triple Stumper
    $2000 20
Chita Rivera

Triple Stumper
    $1,600 10
(Megan: What is Brazil?)
(Alex: No. Argentum, for "silver". [*] is the country.)

Argentina

Megan

Scores at the end of the Double Jeopardy! Round:

Randall Megan Brett
$9,800 $6,400 -$2,200

[wagering suggestions for these scores]

Final Jeopardy! Round responses

CANADIAN HISTORY
MeganWho is MacKenzie?
$6,399
RandallWho is Mackinsie?
$3,001
Alexander Mackenzie

Final scores:

Randall Megan Brett
$12,801 $12,799 -$2,200
2-day champion: $18,400 2nd place: $2,000 3rd place: $1,000

Game dynamics:

Coryat scores:

Randall Megan Brett
$12,400 $8,000 -$2,200
19 R
(including 1 DD),
2 W
(including 1 DD)
14 R,
3 W
(including 1 DD)
8 R,
5 W

Combined Coryat: $18,200

[game clues] [game scores] [suggest correction]

Game tape date: 2010-02-03
The J! Archive is created by fans, for fans. Scraping, republication, monetization, and malicious use prohibited; this site may use cookies and collect identifying information. See terms. The Jeopardy! game show and all elements thereof, including but not limited to copyright and trademark thereto, are the property of Jeopardy Productions, Inc. and are protected under law. This website is not affiliated with, sponsored by, or operated by Jeopardy Productions, Inc. Join the discussion at JBoard.tv.